00426nam a2200121Ia 45000010005000000080041000050820022000461000080000682450070001482600044002189010027002629990015002893772241024s9999 xx 000 0 und d aRD/624/R426p/2014 aRepública Dominicana. Ministerio de Educación. Regional 05, Distrito 03 0aPropuesta de estructuración Distrital del Municipio de Guaymate bLa Romana, República Dominicanac2014 a29/5/2014 9:12:06 a.m. c8021d8021